00940cam a2200253Mc 4500001001300000005001700013008004100030015001200071020001800083020001500101035002100116040005800137041001300195100003600208245016500244260003000409300003300439490005000472650002800522650002700550650001600577700003900593765005400632ocn95298642620240625110337.0170522s2016 sp a r 001 0dspa d aMON1606 a9788490662502 a8490662509 a(OCoLC)952986426 aCo-BoUCMbspacSaul NiñodDavid Moreno (modificó)1 aspahspa1 a Waal, FBM de (Frans BM)d1948-11a¿Tenemos suficiente inteligencia para entender la inteligencia de los animales?cFrans de Wall ; traducción de Ambrosio García Leal ; con dibujos del autor aBarcelonabTusquetsc2016 a365 Páginasbilustraciones0 aMetatemas. Libros para pensar la cienciav13617aPsicología comparada 17aInteligencia Animales  7aEtología  aGarcía Leal, Ambrosioetraductor tAre we smart enough to know how smart animals are